Statistics for Mongol Empire Quiz

Click here to take the quiz!

General Stats

  • This quiz has been taken 464 times
    (137 since last reset)
  • The average score is 12 of 21

Answer Stats

QuestionAnswer% Correct
What great warrior founded the Mongol Empire in 1206?{Genghis} Khan
97%
Which Mongolian Khan conquered China in 1279?{Kublai} Khan
80%
What world renowned construction did that dynasty make
stronger in order to protect themselves from the Mongols?
Great Wall
80%
What nation did the Mongols try to invade twice but were
hit by typhoons both times?
Japan
76%
What Venetian merchant worked for than Khan and was sent on
missions throughout the empire by him?
Marco Polo
72%
What was the only larger empire in the world
than the Mongol Empire?
{British} Empire
69%
What dynasty overthrew the Mongol-led dynasty of China in 1368?Ming
63%
The Mongolian siege of which city brought an end to
the Islamic Golden Age?
Baghdad
63%
In what modern-day country was the westernmost point of the
Mongol Empire located?
Poland
61%
What type of portable dwelling was used among the
nomadic Mongolian people?
Yurt
60%
What khanate ruled much of Eastern Europe for years before being
conquered by the a Rus' principality in 1503?
Golden {Horde}
58%
What Indian empire, founded in the 1500s, claimed to
be descendant from the Mongols?
{Mughal} Empire
53%
What was the ruling dynasty of China at the time
the above conquered it?
Song
50%
What Chinese dynasty did he establish?Yuan
50%
In which modern-day city was the last capital
of the Mongol Empire located?
Beijing
48%
What was birth name of that warrior?Temüjin
44%
In what N city in Israel did the Battle of Ain Jalut take place?Nazareth
39%
Which Slavic grand duchy defeated and threw the above out
of Russia in 1480?
Moscow
35%
Who began conquering the Chagatai Khanate in the 1370s,
envisioning himself as the great restorer of the Mongol Empire ?
Timur
32%
What Persia-centered khanate was famous for
its excellent architecture?
{Il}khanate
28%
In what city did that ruler a "stately pleasure dome decree"?
(according to Coleridge)
Xanadu
26%

Score Distribution

Percentile by Number Answered

Percent of People with Each Score

Your Score History

You have not taken this quiz since the last reset